000 00676nam a22001937a 4500
999 _c18063
_d18063
003 AR-CdUCM
008 190511b ||||| |||| 00| 0 spa d
040 _aMUNICIPALIDAD PROVINCIAL DEL CUSCO
_cBIBLIOTECA MUNICIPAL DEL CUSCO
082 _a985.74 /
_bN47
100 _aNeuenschwander Landa, Carlos
_938428
245 _aPaititi en la bruma de la historia /
260 _aArequipa :
_bCuzzi y cia,
_c1983.
300 _a183 páginas ;
_bImágenes
_c22 cm.
505 _aContenido : Meseta desconocida -- Momia de Ocosiri -- Vilcabamba -- Cataratas del ticumpinea.
650 _aHistoria
_9136
650 _aPetroglifos Punchao
_938429
942 _2ddc
_cLIBROS
945 _arcc